[Event "Rottach Egern Seniors Cup 13th"]
[Site "Rottach Egern"]
[Date "2025.04.02"]
[Round "5"]
[White "Plitzner, Hans Joachim"]
[Black "Lehmann, Manfred"]
[Result "1/2-1/2"]
[WhiteElo "1787"]
[BlackElo "1847"]
[PlyCount "74"]
[EventDate "2025.03.29"]
[EventType "swiss"]
[EventRounds "9"]
[EventCountry "GER"]
[SourceTitle "CB16_2025"]
[SourceDate "2025.04.16"]
[SourceVersion "1"]
[SourceVersionDate "2025.04.16"]
[SourceQuality "1"]

1. d4 d5 2. Nf3 Nf6 3. e3 Bg4 4. h3 Bxf3 5. Qxf3 e6 6. Bd3 c5 7. c3 Nbd7 8. Nd2 Be7 9. 0-0 0-0 10. e4 dxe4 11. Nxe4 cxd4 12. cxd4 Nd5 13. b3 Rc8 14. Bb2 Nb4 15. Bc4 Nb6 16. Rfc1 Nc6 17. Qe3 Nd5 18. Qf3 Nf6 19. Rd1 Nxe4 20. Qxe4 Bf6 21. Rd2 Qa5 22. Rad1 g6 23. Qf3 Qf5 24. Qxf5 gxf5 25. d5 Bxb2 26. Rxb2 Na5 27. dxe6 Nxc4 28. exf7+ Rxf7 29. bxc4 Rxc4 30. Rd8+ Kg7 31. g3 a6 32. Rd6 f4 33. g4 Ra4 34. Rdb6 Kg8 35. Kg2 Ra3 36. R6b3 Rxb3 37. Rxb3 b5 1/2-1/2

[Event "Mittelrhein Verbandsliga-S 18/19"]
[Site "Nordrheinwestfalen"]
[Date "2019.05.19"]
[Round "11.6"]
[White "Meinecke, Florian"]
[Black "Plitzner, Hans Joachim"]
[Result "1-0"]
[WhiteElo "1918"]
[BlackElo "1646"]
[PlyCount "33"]
[EventDate "2018.09.02"]
[EventType "team-tourn"]
[EventRounds "11"]
[EventCountry "GER"]
[SourceTitle "EXT 2022"]
[Source "ChessBase"]
[SourceDate "2021.10.06"]
[SourceVersion "1"]
[SourceVersionDate "2021.10.06"]
[SourceQuality "1"]
[WhiteTeam "St Augustin Turm"]
[BlackTeam "Koeln Lasker III"]
[WhiteTeamCountry "GER"]
[BlackTeamCountry "GER"]

1. d4 d5 2. Bf4 Nf6 3. e3 c5 4. c3 Qb6 5. Qb3 Nc6 6. Nd2 c4 7. Qc2 g6 8. f3 Bg7 9. e4 e6 10. e5 Nd7 11. Bg3 Qd8 12. f4 b5 13. b3 Nb6 14. Ngf3 Bb7 15. a4 bxa4 16. bxc4 dxc4 17. Nxc4 1-0

[Event "Mittelrhein Verbandsliga-S 18/19"]
[Site "Nordrheinwestfalen"]
[Date "2018.12.16"]
[Round "5.6"]
[White "Plitzner, Hans Joachim"]
[Black "Gutt, Stefan"]
[Result "0-1"]
[WhiteElo "1712"]
[BlackElo "1795"]
[PlyCount "68"]
[EventDate "2018.09.02"]
[EventType "team-tourn"]
[EventRounds "11"]
[EventCountry "GER"]
[SourceTitle "EXT 2022"]
[Source "ChessBase"]
[SourceDate "2021.10.06"]
[SourceVersion "1"]
[SourceVersionDate "2021.10.06"]
[SourceQuality "1"]
[WhiteTeam "Koeln Lasker III"]
[BlackTeam "Bergische SF II"]
[WhiteTeamCountry "GER"]
[BlackTeamCountry "GER"]

1. c4 e5 2. Nc3 Nf6 3. g3 Bb4 4. Bg2 0-0 5. e3 Bxc3 6. bxc3 e4 7. d4 d6 8. Qb3 Nc6 9. Ne2 Re8 10. 0-0 Na5 11. Qa4 b6 12. Re1 Bd7 13. Qc2 Nxc4 14. a4 Bc6 15. Nf4 g5 16. Nh3 h6 17. Qe2 d5 18. f4 g4 19. Nf2 Qd7 20. Qa2 Kg7 21. Bf1 Nd6 22. Be2 a5 23. Bd2 h5 24. Kg2 Rh8 25. Nd1 Rh7 26. Nb2 Rah8 27. Rh1 h4 28. Rac1 hxg3 29. hxg3 Rxh1 30. Rxh1 Rxh1 31. Kxh1 Qf5 32. Be1 Qh5+ 33. Kg1 Nf5 34. Nd1 Qh8 0-1

[Event "Mittelrhein Verbandsliga-S 18/19"]
[Site "Nordrheinwestfalen"]
[Date "2018.11.18"]
[Round "4.5"]
[White "Plitzner, Hans Joachim"]
[Black "Koegler, Christof"]
[Result "0-1"]
[WhiteElo "1712"]
[BlackElo "2010"]
[PlyCount "78"]
[EventDate "2018.09.02"]
[EventType "team-tourn"]
[EventRounds "11"]
[EventCountry "GER"]
[SourceTitle "EXT 2022"]
[Source "ChessBase"]
[SourceDate "2021.10.06"]
[SourceVersion "1"]
[SourceVersionDate "2021.10.06"]
[SourceQuality "1"]
[WhiteTeam "Koeln Lasker III"]
[BlackTeam "Godesberg II"]
[WhiteTeamCountry "GER"]
[BlackTeamCountry "GER"]

1. c4 c5 2. Nc3 Nf6 3. g3 g6 4. Bg2 Bg7 5. e3 0-0 6. Nge2 e5 7. 0-0 d6 8. d4 Nc6 9. d5 Ne7 10. Qc2 Nh5 11. b3 f5 12. Bb2 f4 13. exf4 exf4 14. Nxf4 Nxf4 15. gxf4 Rxf4 16. Ne2 Rf7 17. Bxg7 Kxg7 18. Ng3 Bf5 19. Qc3+ Kg8 20. Rae1 Qd7 21. Re3 h6 22. Rfe1 Raf8 23. f3 Kh7 24. R1e2 Ng8 25. Qe1 Qd8 26. Re8 Rxe8 27. Rxe8 Qg5 28. Nxf5 Qxf5 29. Re6 Rf6 30. Rxf6 Qxf6 31. Qa5 Qe7 32. Bh3 Nf6 33. Be6 b6 34. Qa6 Nh5 35. Qc8 Qg7 36. Qd8 Nf4 37. Qxd6 Qd4+ 38. Kf1 Qd1+ 39. Kf2 Qe2+ 0-1

[Event "World Amateur-ch U1700"]
[Site "Cagliari"]
[Date "2018.04.27"]
[Round "7"]
[White "Minamoto, Marcos Cesar"]
[Black "Plitzner, Hans Joachim"]
[Result "1-0"]
[WhiteElo "1516"]
[BlackElo "1664"]
[PlyCount "39"]
[EventDate "2018.04.22"]
[EventType "swiss"]
[EventRounds "9"]
[EventCountry "ITA"]
[SourceTitle "CBM 184 Extra"]
[Source "ChessBase"]
[SourceDate "2018.06.28"]
[SourceVersion "1"]
[SourceVersionDate "2018.06.28"]
[SourceQuality "1"]

1. d4 d5 2. Bf4 e6 3. Nf3 Nf6 4. e3 Nbd7 5. c3 Be7 6. Bd3 0-0 7. Ne5 Re8 8. Qf3 Nf8 9. g4 Ng6 10. Qh3 Nxf4 11. exf4 g6 12. Rg1 Bf8 13. Nd2 Qe7 14. Ndf3 h6 15. Nxg6 fxg6 16. Bxg6 Bd7 17. Ne5 Rec8 18. Bf7+ Kh7 19. g5 Ne4 20. Qh5 1-0